000 00965cam a22002175a 4500
001 L158729
008 150429s2013 xxk f 000 0 eng d
035 _a(Sirsi) u158729
041 _aeng
110 _aChartered Institute of Building
_92134
245 _aComplex Project Contract
_bGeneral index
_h[electronic resource]
260 _aAscot
_bCIOB
_c2013
300 _a46p.
520 _aThe general index contains 46 pages of cross-references. It is the index to all Documents 1-4 and is only available in electronic format for download. Once downloaded, it can be printed or held on computer for electronic searching, as desired.
520 _aForms part of Contract for Complex Projects http://www.ciob.org/insight/contract-complex-projects
650 _ageneral index
651 4 _aENGLAND AND WALES
690 _aBUILT ENVIRONMENT
856 4 0 _uhttps://www.ciob.org/sites/default/files/cpc-index_0.pdf
_hView this item at www.ciob.org
942 _n0
999 _c115482
_d115482